000 00397nam a2200157Ia 4500
008 210716s1997 xx 000 0 und d
020 _a0471160784
041 _aeng
082 _a338.04 BYGW
100 _aBygrave, William D.
245 _aPortable MBA in entrepreneurship.
250 _a1
260 _aNew York
_bJohn Wiley and Sons
_c1997
300 _axv,510
650 _aEntrepreneurship
999 _c202925
_d202925